La Flexibilizacion Constitucional en procesos de Justicia transicional. (Hacia una reingenieria de la Jurisdiccion especial para la Paz en Colombia) (Record no. 5345)
[ view plain ]
| 000 -CABECERA | |
|---|---|
| campo de control de longitud fija | 00883nam a22001697a 4500 |
| 008 - ELEMENTOS DE LONGITUD FIJA -- INFORMACION GENERAL | |
| campo de control de longitud fija | 231101b |||||||| |||| 00| 0 spa d |
| 080 ## - NUMERO DE CLASIFICACION DECIMAL UNIVERSAL (CDU) | |
| Número de la Clasificación Decimal Universal | 341.6/ 64 (861) D 378 |
| 100 ## - ASIENTO PRINCIPAL--NOMBRE PERSONAL | |
| Código del relacionador | Autor |
| Nombre personal | Delgado D Aste Juan Carlos |
| 245 ## - MENCION DE TITULO | |
| Título propiamente dicho | La Flexibilizacion Constitucional en procesos de Justicia transicional. (Hacia una reingenieria de la Jurisdiccion especial para la Paz en Colombia) |
| 300 ## - DESCRIPCION FISICA | |
| Extensión | 95 P. |
| 500 ## - NOTA GENERAL | |
| Nota general | Director de tesis: Farinella, Favio |
| 502 ## - NOTA DE TESIS | |
| Nota de tesis | Tesis ( Doctorado en Derecho)--Universidad Nacional de Mar del Plata. Facultad de Derecho. Departamento de Posgrado. 2023 |
| 504 ## - NOTA DE BIBLIOGRAFIA, ETC. | |
| Nota de bibliografía, etc. | Contiene Referencias Bibliograficas: P. 95 a 107. |
| 650 ## - ASIENTO SECUNDARIO DE MATERIA - TERMINO TEMATICO | |
| Fuente del encabezamiento o término | Tesauro de Biblioteconomía y Documentación |
| Término temático o nombre geográfico como elemento de entrada | teoria constitucional |
| -- | Constitucion |
| -- | derecho internacional publico |
| -- | derecho internacional humanitario |
| -- | justicia transicional |
| -- | jurisdiccion especial para la Paz |
| -- | Colombia |
| 945 ## - INFORMACION DE PROCESAMIENTO LOCAL | |
| Responsable de carga/modificación | Celeste Delía |
| Fecha de ingreso o modificación | 2023-11-01 |
| Retirado | Perdido | Dañado | No se presta | Ubicación permanente | Locación actual | Estante o sala | Fecha de adquisición | Signatura topográfica | Inventario | Ultima fecha vista | Tipo de item de Koha |
|---|---|---|---|---|---|---|---|---|---|---|---|
| Bib. Derecho | Bib. Derecho | Biblioteca Graduados | 01/11/2023 | 341.6/ 64 (861) D 378 | 302012 | 01/11/2023 | Tesis de posgrado |
